Catálogo razonado y crítico de los libros, memorias y papeles, impresos y manuscritos que tratan de las provincias de Extremadura : (Record no. 30225)

MARC details
000 -LEADER
campo de control de longitud fija 01036nam a2200229 i 4500
001 - NÚMERO DE CONTROL
campo de control 30225
003 - IDENTIFICADOR DE NÚMERO DE CONTROL
campo de control ES-MaACL
005 - FECHA Y HORA DE LA ÚLTIMA TRANSACCIÓN
campo de control 20250726063032.0
007 - CAMPO FIJO DE DESCRIPCIÓN FÍSICA--INFORMACIÓN GENERAL
campo de control de longitud fija t|
008 - DATOS DE LONGITUD FIJA--INFORMACIÓN GENERAL
campo de control de longitud fija 030124s1865 sp ||||1| spa d
080 ## - NÚMERO DE LA CLASIFICACIÓN DECIMAL UNIVERSAL
Número de la Clasificación Decimal Universal 016(460.25)
100 1# - ENTRADA PRINCIPAL--NOMBRE DE PERSONA
Nombre de persona Barrantes, Vicente,
Fechas asociadas al nombre 1829-1898
9 (RLIN) 25851
245 10 - MENCIÓN DEL TÍTULO
Título Catálogo razonado y crítico de los libros, memorias y papeles, impresos y manuscritos que tratan de las provincias de Extremadura :
Resto del título así tocante a su historia, religión y geografía, como a sus antigüedades, nobleza y hombres célebres /
Mención de responsabilidad, etc. compuestpor por Vicente Barrantes.
260 ## - PUBLICACIÓN, DISTRIBUCIÓN, ETC.
Lugar de publicación, distribución, etc. Madrid :
Nombre del editor, distribuidor, etc. M. Rivadeneyra,
Fecha de publicación, distribución, etc. 1865.
300 ## - DESCRIPCIÓN FÍSICA
Extensión VIII, 320 p. ;
Dimensiones 28 cm.
500 ## - NOTA GENERAL
Nota general Obra premiada por la Biblioteca Nacional en el concurso público de 1862.
530 ## - NOTA DISPONIBLE DE FORMULARIO FÍSICO ADICIONAL
Nota de formato físico adicional disponible Disponible en formato digital.
651 #4 - PUNTO DE ACCESO ADICIONAL DE MATERIA--NOMBRE GEOGRÁFICO
Nombre geográfico Extremadura-
Subdivisión de forma Bibliografías críticas.
9 (RLIN) 163141
852 ## - LOCALIZACIÓN
Ubicación ES-MaACL
Número de control de estantería B-2949
856 ## - LOCALIZACIÓN Y ACCESO ELECTRÓNICOS
Identificador Uniforme de Recursos <a href="http://bdh-rd.bne.es/viewer.vm?id=0000123942&page=1 ">http://bdh-rd.bne.es/viewer.vm?id=0000123942&page=1 </a>
Nota pública Biblioteca Digital Hispánica
Holdings
Estatus retirado Estado de pérdida Estado de daño No para préstamo Colección Biblioteca de origen Biblioteca actual Ubicación en estantería Fecha de adquisición Fuente de adquisición Total de préstamos Signatura topográfica completa Código de barras Visto por última vez Precio de reemplazo Tipo de ítem Koha
        Colección digital Biblioteca del Ateneo de Madrid Biblioteca del Ateneo de Madrid Sala Pardo Bazán 17/01/2008     B-2949 1031203 23/02/2023 23/02/2023 Libro impreso antiguo